Ethan Stowell's new Italian : bold cooking from the Pacific Northwest (Record no. 177257)

MARC details
000 -LEADER
fixed length control field 00730nam a2200241Ia 4500
008 - FIXED-LENGTH DATA ELEMENTS--GENERAL INFORMATION
fixed length control field 191130s2010##################000#0#eng##
020 ## - INTERNATIONAL STANDARD BOOK NUMBER
ISBN 9781580088183
082 ## - DEWEY DECIMAL CLASSIFICATION NUMBER
Classification number 641.5945 STO
100 ## - MAIN ENTRY--AUTHOR NAME
Personal name Stowell, Ethan
245 ## - TITLE STATEMENT
Title Ethan Stowell's new Italian : bold cooking from the Pacific Northwest
Statement of responsibility, etc Ethan Stowell and Leslie Miller
250 ## - EDITION STATEMENT
Edition statement 1st ed
260 ## - PUBLICATION, DISTRIBUTION, ETC. (IMPRINT)
Place of publication Berkeley, CA
Name of publisher Ten Speed Press
Year of publication 2010
300 ## - PHYSICAL DESCRIPTION
Number of Pages ix, 228 p. : col. ill. ; 26 cm
500 ## - GENERAL NOTE
General note Includes index
650 ## - SUBJECT ADDED ENTRY--TOPICAL TERM
Topical Term Cooking - Washington - Seattle
Topical Term Cooking, Italian
700 ## - ADDED ENTRY--PERSONAL NAME
Personal name Miller, Leslie
991 ## -
-- 316054
Holdings
Withdrawn status Lost status Damaged status Not for loan Home library Current library Shelving location Date acquired Full call number Accession Number Price effective from Koha item type
        Anna Centenary Library Anna Centenary Library 6TH FLOOR, A WING 13.10.2020 641.5945 STO 421222 13.10.2020 English Books

Find us on the map